ر شحا ت قلم (Record no. 166738)

MARC details
000 -LEADER
fixed length control field 00628nam a22001937a 4500
005 - DATE AND TIME OF LATEST TRANSACTION
control field 20190807112850.0
010 ## - LCCN (DPL NO)
LC control number UR-10349
020 ## - INTERNATIONAL STANDARD BOOK NUMBER
Terms of availability 300.00
International Standard Book Number 9789352883288
035 ## - SYSTEM CONTROL NUMBER
System control number U-8904
037 ## - SOURCE OF ACQUISITION
Source of stock number/acquisition DBAD/PUB
082 ## - DEWEY DECIMAL CLASSIFICATION NUMBER
Classification number 841
100 ## - MAIN ENTRY--PERSONAL NAME
Personal name محمو د ر يا ض
245 ## - TITLE STATEMENT
Title ر شحا ت قلم
Statement of responsibility, etc محمو د ر يا ض
246 ## - VARYING FORM OF TITLE
Remainder of title Rashhat-e-Qalam (Urdu)
Title proper/short title by Mehmood Reyaz
260 ## - PUBLICATION, DISTRIBUTION, ETC. (IMPRINT)
Place of publication, distribution, etc N.Delhi
Name of publisher, distributor, etc Mehmood Reyaz
Date of publication, distribution, etc 2018 ء
270 ## - ADDRESS
Address 65/Y/1,Ram Krishna Road ,P.O.Rishra P.S.Serampore Dist.Hooghly,
City Hooghly
Postal code -
Telephone number 9339802797
Fax number -
300 ## - PHYSICAL DESCRIPTION
Extent 160 ص
Dimensions 22 Cm(Hb)
942 ## - ADDED ENTRY ELEMENTS (KOHA)
Source of classification or shelving scheme Dewey Decimal Classification
Item type Urdu Bks
Classification part 841
Call number suffix م ح م
Holdings
Withdrawn status Lost status Not for loan Collection code Home library Current library Date acquired Source of acquisition Cost, normal purchase price Full call number Barcode Copy number Cost, replacement price Koha item type
    Not For Loan Non-fiction D.B.Act.Division D.B.Act.Division 07/08/2019 DBAD/PUB 300.00 841 م ح م U-8904 1 300.00 Urdu Bks

© Delhi Public Library
Hit Counter
free hit counter